Los fichajes más caros del fútbol - Defensas centrales - 2022-2023 - Estadísticas

Estadísticas generales
  • Esta prueba ha sido intentada 38 veces
  • La puntuación promedio es 8 de 10
Estadísticas de respuestas
Coste (M €) Nacionalidad Último club Nuevo club Jugador % Correcto
67,00 Países Bajos Juventus Bayern Múnich Matthijs de Ligt
100%
50,00 Francia Sevilla FC FC Barcelona Jules Koundé
94%
57,37 Argentina Ajax Manchester United Lisandro Martínez
94%
80,40 Francia Leciester City Chelsea Wesley Fofana
94%
52,00 Argentina Atalanta Tottenham Cristian Romero
91%
46,90 Brasil Torino Juventus Bremer
88%
42,00 Senegal Nápoles Chelsea Kalidou Koulibaly
82%
37,00 Países Bajos LOSC Lille Newcastle United Sven Botman
67%
35,00 Marruecos Stade Rennes West Ham Nayef Aguerd
58%
38,00 Francia Mónaco Chelsea Benoît Badiashile
48%
No se encontraron pruebas coincidentes
Distribución de puntuación
Porcentaje de gente con cada puntuación
Porcentaje por número respondido
Historial de tus puntuaciones
No has intentado esta prueba.